Detruite et aimer - Leto - Paroles - Statistiques

Statistiques générales
  • Ce quiz a été pris 14 fois
  • Le résultat moyen est 341 sur 516
Statistiques - réponses
Réponse % Correct
t'
100%
a
91%
c'
91%
C'
91%
d'
91%
en
91%
J'
91%
j'
91%
(j'
91%
m'
91%
me
91%
qu'
91%
de
82%
dont
82%
es
82%
fais
82%
l'
82%
(l'
82%
la
82%
(la
82%
mais
82%
mentir
82%
pas
82%
que
82%
rêvais
82%
s'
82%
tu
82%
Tu
82%
(tu
82%
va
82%
aime
73%
aimer
73%
aimer)
73%
auras
73%
bien
73%
bien)
73%
est
73%
et
73%
je
73%
Je
73%
(je
73%
le
73%
Ne
73%
relation
73%
reviens
73%
(reviens)
73%
sais
73%
Y
73%
y
73%
Aujourd'hui
64%
bizarre
64%
cœur
64%
demain
64%
détruire
64%
elle
64%
Elle
64%
moi
64%
On
64%
(on
64%
on
64%
se
64%
te
64%
ton
64%
vais
64%
avec
55%
déchirer
55%
fait
55%
laisse
55%
meuf
55%
mille
55%
mon
55%
morceaux
55%
nous
55%
oh,
55%
oh)
55%
ou
55%
peut-être
55%
plus
55%
(plus
55%
préviens
55%
(préviens)
55%
problème
55%
profiter
55%
quand
55%
amour
45%
Chanel
45%
dans
45%
dépasse
45%
entre
45%
est-ce
45%
éteint
45%
(éteint)
45%
fâcher
45%
fâcher)
45%
faire
45%
fragile
45%
jean
45%
night
45%
(night,
45%
night)
45%
perdue
45%
Princesse
45%
rien
45%
rien)
45%
sens
45%
son
45%
string
45%
(string)
45%
une
45%
vient
45%
wine
45%
wine)
45%
(wine
45%
côtoie
36%
fini
36%
footeux
36%
Gucci
36%
penche
36%
toute
36%
vibe
36%
des
27%
les
27%
nuit
27%
(oui,
27%
oui,
27%
oui)
27%
oui
27%
woh,
27%
(woh,
27%
'boutin
18%
gravons
18%
(non,
18%
non)
18%
té-ci
18%
té-ci)
18%
viens
18%
du
9%
hein
9%
pain
9%
pain)
9%
(reviens-moi)
9%
Aucun quiz correspondant
Distribution des résultats
% des personnes avec chaque résultat
Percentile par nombre de réponses
Votre historique - résultats
Vous n’avez pas pris ce quiz